| 000 | 00713nam a22002057a 4500 | ||
|---|---|---|---|
| 005 | 20220727131539.0 | ||
| 008 | 220727b mx ||||| |||| 00| 0 spa d | ||
| 020 | _a968842918X | ||
| 050 | 0 | 4 |
_aHG3881 _bG56 1999 |
| 245 | 0 | 0 |
_aGlobalidad, crisis y reforma monetaria / _ccompiladoras Eugenia Correa, Alicia Girón González, Ifigenia Martínez Hernández |
| 250 | _a1a ed. | ||
| 260 |
_aMéxico : _bUNAM, Instituto de Investigaciones Económicas, _c1999 |
||
| 300 |
_a228 p. ; _c21 cm. |
||
| 490 | 0 | _aColección Jesús Silva Herzog | |
| 650 | 4 | _aFinanzas internacionales | |
| 650 | 4 | _aPolítica monetaria | |
| 700 | 1 |
_aGirón, Alicia, _ecomp. |
|
| 700 | 1 |
_aCorrea, Eugenia, _ecomp. |
|
| 942 |
_2lcc _cLIB |
||
| 999 |
_c163307 _d163305 |
||